Organizing knowledge in libraries : (Record no. 133774)

MARC details
000 -LEADER
fixed length control field 00717nam a22002417a 4500
005 - DATE AND TIME OF LATEST TRANSACTION
control field 20170124110215.0
010 ## - LIBRARY OF CONGRESS CONTROL NUMBER
LC control number 663891
020 ## - INTERNATIONAL STANDARD BOOK NUMBER
Terms of availability 00.00
International Standard Book Number 0233958363
035 ## - SYSTEM CONTROL NUMBER
System control number 663891
037 ## - SOURCE OF ACQUISITION
Source of stock number/acquisition Cen Lib/Ret
040 ## - CATALOGING SOURCE
Original cataloging agency DPL
Language of cataloging EN
082 ## - DEWEY DECIMAL CLASSIFICATION NUMBER
Classification number 025.1
Item number NEE
100 ## - MAIN ENTRY--PERSONAL NAME
Personal name Needham, C. D.
9 (RLIN) 35815
245 ## - TITLE STATEMENT
Title Organizing knowledge in libraries :
Statement of responsibility, etc by C. D. Needham
Remainder of title an introduction to information retrieval /
250 ## - EDITION STATEMENT
Edition statement 2nd rev. ed
260 ## - PUBLICATION, DISTRIBUTION, ETC. (IMPRINT)
Name of publisher, distributor, etc Andre Deutsch
Place of publication, distribution, etc London
Date of publication, distribution, etc 1971
270 ## - ADDRESS
City London
Address 105 Great Russell Street
300 ## - PHYSICAL DESCRIPTION
Extent 448p.
Dimensions 21cm(Hb)
500 ## - GENERAL NOTE
General note Includes index<br/>
650 ## - SUBJECT ADDED ENTRY--TOPICAL TERM
Topical term or geographic name as entry element Cataloging
9 (RLIN) 73151
650 ## - SUBJECT ADDED ENTRY--TOPICAL TERM
Topical term or geographic name as entry element Book Classification
9 (RLIN) 38882
942 ## - ADDED ENTRY ELEMENTS (KOHA)
Source of classification or shelving scheme Dewey Decimal Classification
Koha item type English Books
Classification part 025.1
Call number suffix NEE
Holdings
Withdrawn status Lost status Damaged status Not for loan Collection code Home library Current library Date acquired Source of acquisition Cost, normal purchase price Total Checkouts Full call number Barcode Date last seen Copy number Cost, replacement price Price effective from Koha item type
      Not For Loan Reference Central Library Central Library 27/07/2015 Cen Lib/Ret 0.00   025.1 NEE 663891 27/07/2015 1 0.00 27/07/2015 English Books

© Delhi Public Library
Hit Counter
free hit counter